| 000 | 00362nam a22001577a 4500 | ||
|---|---|---|---|
| 003 | OSt | ||
| 005 | 20160623145528.0 | ||
| 008 | 160623b xxu||||| |||| 00| 0 eng d | ||
| 020 | _a059099736X | ||
| 040 | _cN/A | ||
| 050 |
_aE468.7 _b.B65 1995 |
||
| 100 | _aAngela Herb | ||
| 245 | _aFor home and country | ||
| 260 |
_aNew york _bScholastic |
||
| 942 |
_2lcc _cBK |
||
| 999 |
_c254631 _d254630 |
||